|
|
|
|
| LEADER |
00758cam a2200205 7i4500 |
| 001 |
0000004459 |
| 005 |
20151030090000.0 |
| 020 |
|
|
|a 0471486310
|
| 090 |
0 |
0 |
|a QH438.4.S73
|b B56 2002
|
| 245 |
0 |
0 |
|a Biostatistical genetics and genetic epidemiology
|c editors: Robert C. Elston, Jane M. Olson, Lyle Palmer.
|
| 260 |
|
|
|a Chichester, England:
|b John Wiley & Sons,
|c 2002.
|
| 300 |
|
|
|a xxiv, 831 p.:
|b ill.;
|c 26 cm.
|
| 490 |
1 |
|
|a Wiley reference series in biostatistics
|
| 504 |
|
|
|a Includes bibliographical references and index
|
| 650 |
0 |
0 |
|a Human genetics
|
| 650 |
0 |
0 |
|a Genetic epidemiology --
|x Statistical methods
|
| 700 |
1 |
|
|a Elston, Robert C.
|
| 700 |
1 |
|
|a Olson, Jane M.
|
| 700 |
1 |
|
|a Palmer, Lyle
|
| 999 |
|
|
|a 0000010634
|b BOK
|c OPEN SHELF
|e 1st Floor, Shah Alam
|